书目信息 |
| 题名: |
ASP.NET 3.5入门指南
|
|
| 作者: | 龚赤兵 编著 | |
| 分册: | ||
| 出版信息: | 北京 人民邮电出版社 2009.04 |
|
| 页数: | 330页 | |
| 开本: | 26cm | |
| 丛书名: | 中文原创书系 | |
| 单 册: | ||
| 中图分类: | TP393.092 | |
| 科图分类: | ||
| 主题词: | 主页制作--程序设计 | |
| 电子资源: | ||
| ISBN: | 978-7-115-20410-3 | |
| 000 | 01016nam 2200253 450 | |
| 001 | 0011152471 | |
| 005 | 20100607085306.34 | |
| 010 | @a978-7-115-20410-3@dCNY45.00 (含光盘) | |
| 010 | @a978-7-89479-580-9@b光盘 | |
| 100 | @a20100515d2009 em y0chiy0110 ea | |
| 101 | 0 | @achi |
| 102 | @aCN@b110000 | |
| 105 | @aa z 000yy | |
| 200 | 1 | @aASP.NET 3.5入门指南@AASP.NET 3.5 ru men zhi nan@f龚赤兵编著 |
| 210 | @a北京@c人民邮电出版社@d2009.04 | |
| 215 | @a330页@c图@d26cm@e光盘1片 | |
| 225 | 2 | @a中文原创书系 |
| 330 | @a全书共分为3部分14章,以基础篇、架构篇、实例篇为线索具体展开。在基础篇中,通过精心设计的10个实验,介绍了ASP.NET 3.5网站的开发基础,包括ListView、DataPager和LinqDataSource等控件的使用以及ASP.NET动态数据;重点介绍了语言集成查询——LINQ,包括LINQ to Object、LINQ to SQL,还有LINQ的标准查询运算符等。 | |
| 410 | 0 | @12001 @a中文原创书系 |
| 606 | 0 | @a主页制作@x程序设计 |
| 690 | @aTP393.092@v4 | |
| 701 | 0 | @a龚赤兵@Agong chi bing@4编著 |
| 801 | 0 | @aCN@c20100515 |
| 905 | @dTP393.092@eG380-2@f3 | |
| ASP.NET 3.5入门指南/龚赤兵编著.-北京:人民邮电出版社,2009.04 |
| 330页:图;26cm+光盘1片.-(中文原创书系) |
| ISBN 978-7-115-20410-3:CNY45.00 (含光盘) |
| 全书共分为3部分14章,以基础篇、架构篇、实例篇为线索具体展开。在基础篇中,通过精心设计的10个实验,介绍了ASP.NET 3.5网站的开发基础,包括ListView、DataPager和LinqDataSource等控件的使用以及ASP.NET动态数据;重点介绍了语言集成查询——LINQ,包括LINQ to Object、LINQ to SQL,还有LINQ的标准查询运算符等。 |
| ● |
| 相关链接 |
|
|
|
正题名:ASP.NET 3.5入门指南
索取号:TP393.092/G380-2
 
预约/预借
| 序号 | 登录号 | 条形码 | 馆藏地/架位号 | 状态 | 备注 |
| 1 | 985841 | 209858411 | 自科二线404/404自科库 12排3列5层/ [索取号:TP393.092/G380-2] | 在馆 | |
| 2 | 985842 | 209858420 | 自科库301/301自科库 125排2列4层/ [索取号:TP393.092/G380-2] | 在馆 | |
| 3 | 985843 | 209858439 | 自科库301/301自科库 125排2列4层/ [索取号:TP393.092/G380-2] | 在馆 |